• 首页
  • 本馆介绍
  • 公告通知
  • 最新文献
  • 馆藏检索
  • 电子资源
  • 读者导购
  • 参考咨询
  • 我的图书馆
  • 登录
  • 详细信息显示
  • 放入我的书架
  • 预约/预借图书
  • 作者相关作品
  • 分类相关作品
  • 丛书相关作品
  • 出版社相关作品

书目信息

  • 表格格式
  • 工作单格式
  • 卡片格式
题名:
欧阳修集
    
 
作者: 欧阳修 著 ;洪本健 解读
分册:  
出版信息: 北京   国家图书馆出版社  2021.06
页数: 495页
开本: 24cm
丛书名: 中华传统文化百部经典
单 册:
中图分类: O641.4 , I214.412
科图分类:
主题词: 络合物化学--luo he wu hua xue--研究 , 文学--作品集--中国
电子资源:
ISBN: 978-7-5013-6959-1
000 01118nam 2200301 450
001 CAL 0120217283254
005 20230619155653.59
010    @a978-7-5013-6959-1@dCNY65.00
100    @a20211025d2021 em y0chiy0120 ea
101 0  @achi
102    @aCN@b110000
105    @aak a 000yy
106    @ar
200 1  @a欧阳修集@Aou yang xiu ji@e节选@f欧阳修著@g洪本健解读
210    @a北京@c国家图书馆出版社@d2021.06
215    @a495页@c图@d24cm
225 2  @a中华传统文化百部经典@Azhong hua chuan tong wen hua bai bu jing dian
320    @a有书目 (第493-495页)
330    @a本书内容包括: 坎坷多难的仕宦生涯、名满天下的文坛领袖、彪炳史册的创作实绩、成就卓著的诗词散文、一代宗师的人格魅力、宿云梦馆、晓咏、自菩提步月归广化寺、绿竹堂独饮、书怀感事寄梅圣俞、晚泊岳阳、戏答元珍等。
410  0 @12001 @a中华传统文化百部经典
606 0  @a络合物化学@Aluo he wu hua xue@x研究
606 0  @a文学@x作品集@x中国
690    @aO641.4@v5
690    @aI214.412@v4
701  0 @a欧阳修@Aou yang xiu@4著
702  0 @a洪本健@Ahong ben jian@4解读
801  0 @aCN@bBJXHZP@c20230228
905    @b1405793-6@dI214.412@e1149@f4
    
    欧阳修集:节选/欧阳修著/洪本健解读.-北京:国家图书馆出版社,2021.06
    495页:图;24cm.-(中华传统文化百部经典)
    
    
    ISBN 978-7-5013-6959-1:CNY65.00
    本书内容包括: 坎坷多难的仕宦生涯、名满天下的文坛领袖、彪炳史册的创作实绩、成就卓著的诗词散文、一代宗师的人格魅力、宿云梦馆、晓咏、自菩提步月归广化寺、绿竹堂独饮、书怀感事寄梅圣俞、晚泊岳阳、戏答元珍等。
●
相关链接 在E读中查询图书 在五车中查询图书 在当当中查询图书 在豆瓣中查询图书


正题名:欧阳修集     索取号:I214.412/1149         预约/预借

序号 登录号 条形码 馆藏地/架位号 状态 备注
1 1405793   214057937   第二样本阅览室/ [索取号:I214.412/1149] 在馆    
2 1405794   214057946   第三借阅区/ [索取号:I214.412/1149] 在馆    
3 1405795   214057955   第三借阅区/ [索取号:I214.412/1149] 在馆    
4 1405796   214057964   第三借阅区/ [索取号:I214.412/1149] 在馆    
唐山师范学院图书馆 欢迎您!
大连网信软件有限公司© 版权所有